Central Library OPAC University of Rajshahi

History of early Iran / (Record no. 25346)

MARC details
000 -LEADER
fixed length control field 00788cam a2200253 4500
001 - CONTROL NUMBER
control field 25346
003 - CONTROL NUMBER IDENTIFIER
rucl marc code BD-RjUL
005 - DATE AND TIME OF LATEST TRANSACTION
control field 20211209050851.0
008 - FIXED-LENGTH DATA ELEMENTS--GENERAL INFORMATION
fixed length control field 140318t19681936nyubj b 001 0 eng
035 ## - SYSTEM CONTROL NUMBER
System control number (BD-RjUL)25415
040 ## - CATALOGING SOURCE
Original cataloging agency DLC
Transcribing agency DLC
Modifying agency DLC
-- BD-RjUL
Language of cataloging eng
041 ## - LANGUAGE CODE
Language code of text/sound track or separate title eng
082 00 - DEWEY DECIMAL CLASSIFICATION NUMBER
Classification number 935
Author mark and year CAH 1968
100 1# - MAIN ENTRY--PERSONAL NAME
Personal name Cameron, George G.
Fuller form of name (George Glenn),
Dates associated with a name 1905-1979.
9 (RLIN) 77924
245 10 - TITLE STATEMENT
Title History of early Iran /
Statement of responsibility, etc. by George G. Cameron.
260 ## - PUBLICATION, DISTRIBUTION, ETC. (IMPRINT)
Place of publication, distribution, etc. New York :
Name of publisher, distributor, etc. Greenwood Press,
Date of publication, distribution, etc. c1936 [Reprinting 1968].
300 ## - PHYSICAL DESCRIPTION
Pagination xvi, 260 p. :
Illustrations fold. map, geneal. tables. ;
Size 23 cm.
504 ## - BIBLIOGRAPHY, ETC. NOTE
Bibliography, etc Bibliographical footnotes.
651 #0 - SUBJECT ADDED ENTRY--GEOGRAPHIC NAME
Geographic name Iranian Plateau
General subdivision History.
9 (RLIN) 77925
Geographic name Elam
General subdivision History.
9 (RLIN) 77926
942 ## - ADDED ENTRY ELEMENTS (KOHA)
Source of classification or shelving scheme Dewey Decimal Classification
Koha item type Books
Holdings
Lost status Source of classification or shelving scheme Damaged status Not for loan Permanent Location Current Location Shelving location Date acquired Source of acquisition Cost, normal purchase price Total Checkouts Full call number Date last seen Copy number Koha item type Collection code
  Dewey Decimal Classification     Central Library, University of Rajshahi Central Library, University of Rajshahi   22/09/1970 Zeitlinger 109.00   935 CAH 1968 18/03/2014 C-5 Books  
  Dewey Decimal Classification   Added to bundle Central Library, University of Rajshahi Central Library, University of Rajshahi Reading Room 28/10/1970 Sweets & Zeitlinger 113.00   935 CAH 1969 20/03/2014 C-1 Books Non-fiction
  Dewey Decimal Classification   Added to bundle Central Library, University of Rajshahi Central Library, University of Rajshahi Reading Room 28/10/1970 Sweets & Zeitlinger 113.00   935 CAH 1969 20/03/2014 C-2 Books Non-fiction
  Dewey Decimal Classification     Central Library, University of Rajshahi Central Library, University of Rajshahi   15/12/1970 Sweets & Zeitlinger 109.00   935 CAH 1968 04/02/2017 C-3 Books Non-fiction